Le soldat et la putain (Registro nro. 309539)

Detalles MARC
000 -ENCABEZADO
Número de control [NR] 01094cam a2200301 i 4500
001 - NÚMERO DE CONTROL
control field 17959151
005 - FECHA Y HORA DE LA ÚLTIMA TRANSACCIÓN
control field 20180413114852.0
008 - DE LONGITUD FIJA DE DATOS DE ELEMENTOS - INFORMACIÓN GENERAL
Elementos de longitud fija [NR] 180413s2013 fr b 001 0 fre d
010 ## - NUMERO DE CONTROL DE LA BIBLIOTECA DEL CONGRESO (LC) [NR]
Número de control LC [NR] 2013449957
020 ## - NUMERO INTERNACIONAL NORMALIZADO PARA LIBROS [R]
Número Internacional Normalizado del libro [NR] 9782364450219
035 ## - NUMERO DE CONTROL DEL SISTEMA [R]
Número de control del sistema [NR] (FrPJT)JTL20004245
040 ## - FUENTE DE CATALOGACION [NR]
Agencia de catalogación original [NR] CO-BoUCM
Idioma de catalogación [NR] spa
Quien Cataloga Saul Niño
Quien Clasifica Saul Niño
041 0# - CODIGO DE IDIOMA [R]
Código de idioma para texto/pista de sonido o título separado [R] Francés
050 00 - SIGNATURA TOPOGRAFICA DE LA BIBLIOTECA DEL CONGRESO (LC) [R]
Número clasificador [R] HQ125.F8
Número del ítem [NR] B46 2013
100 1# - ASIENTO PRINCIPAL--NOMBRE PERSONAL [NR]
Nombre personal [NR] Benoit, Christian
ID Autoridad 92120
245 13 - MENCION DE TITULO [NR]
Título [NR] Le soldat et la putain
Parte restante del título [NR] histoire d'un couple inséparable
Mención de responsabilidad, etc. [NR] Christian Benoit
260 ## - PUBLICACION, DISTRIBUCION, ETC. (PIE DE IMPRENTA) [R]
Lugar de publicación, distribución, etc. [R] Villers-sur-Mer
Nombre del editor, distribuidor, etc. [R] Taillac
Fecha de publicación, distribución, etc. [R] [2013]
300 ## - DESCRIPCION FISICA [R]
Extensión [R] 672 páginas
546 ## - NOTA DE IDIOMA [R]
Nota de idioma [NR] texto en francés
650 #7 - ASIENTO SECUNDARIO DE MATERIA - TERMINO TEMATICO [R]
Término temático o nombre geográfico como elemento de entrada [NR] Prostitución
Subdivisión geográfica [R] Francia
Subdivisión general [R] Historia
9 (RLIN) 22624
650 #7 - ASIENTO SECUNDARIO DE MATERIA - TERMINO TEMATICO [R]
Término temático o nombre geográfico como elemento de entrada [NR] Prostitución
Subdivisión general [R] Política y gobierno
Subdivisión geográfica [R] Francia
9 (RLIN) 22624
650 #7 - ASIENTO SECUNDARIO DE MATERIA - TERMINO TEMATICO [R]
Término temático o nombre geográfico como elemento de entrada [NR] Soldados
Subdivisión general [R] Conducta sexual
Subdivisión geográfica [R] Francia
9 (RLIN) 24830
650 #0 - ASIENTO SECUNDARIO DE MATERIA - TERMINO TEMATICO [R]
Término temático o nombre geográfico como elemento de entrada [NR] Mujeres y militares
Subdivisión geográfica [R] Francia
9 (RLIN) 92121
650 #7 - ASIENTO SECUNDARIO DE MATERIA - TERMINO TEMATICO [R]
Término temático o nombre geográfico como elemento de entrada [NR] Enfermedades de transmisión sexual
9 (RLIN) 14347
Subdivisión general [R] Aspectos sociales
650 #7 - ASIENTO SECUNDARIO DE MATERIA - TERMINO TEMATICO [R]
Término temático o nombre geográfico como elemento de entrada [NR] Fuerzas militares
9 (RLIN) 16179
Subdivisión general [R] Conducta de vida
942 ## - ELEMENTOS DE ENTRADA AGREGADOS (KOHA)
Sistema de clasificación DEWEY
Tema principal Ciencia política
Tipo de ítem principal el descrito en 300a Libro
Edición 1
Clasificación 355.12094409
Parte restante de la signatura top. B473s
Existencias
Fecha de último préstamo Total préstamos Signatura topográfica Código de barras Última vez visto Ejemplar Costo de reposición Price effective from Tipo de ítem Perdido Dañado No prestable Tipo de ítem específico Suprimido Ubicación habitual Ubicación actual Localización Fecha de creación Proveedor Forma de adquisición Costo
17/06/2019 3 355.12094409 B473s 100157033 09/12/2025 Ej.1 168710.00 10/04/2018 Libro       Libro   Claustro Claustro 2do piso 10/04/2018 19 Compra 168710.00